| 000 | 00553nam a2200205Ia 4500 | ||
|---|---|---|---|
| 005 | 20260429112210.0 | ||
| 008 | 260429s9999||||xx |||||||||||||| ||und|| | ||
| 020 | _a9788180943942 | ||
| 041 | _aEnglish | ||
| 082 |
_a305.512 _bLAW |
||
| 100 | _aLawrence, James | ||
| 245 | 0 |
_aEmpire of the Nairs : _bthe rights of women / _cJames Lawrence |
|
| 250 | _a1st ed. | ||
| 260 |
_aChennai : _bMaven Books, _c2023. |
||
| 300 | _a254 p.; hb | ||
| 650 | _a Kerala-Social history | ||
| 650 | _a Women’s rights | ||
| 650 | _aNair community | ||
| 942 | _cTB | ||
| 999 |
_c52853 _d52853 |
||